000
00299nam a22001337a 4500
008
170228b xxu||||| |||| 00| 0 eng d
020
_a
0070224366
041
_a
eng
080
_2
3 ED
_a
616.8 006
100
_a
6
101
_a
SHM
245
_a
PRIMERY E PIDEMILOGY
_c
FRIEDMAN.D.G
942
_2
udc
_c
BK
999
_c
6405
_d
6405